| 000 | 00641pam a2200193 a 4500 | ||
|---|---|---|---|
| 020 | _a0521393183 | ||
| 040 | _cDLC | ||
| 082 | 0 | 0 | _a331 CAM 1991 A074 Or. |
| 100 | 1 | _aDrèze, Jacques H. | |
| 245 | 1 | 0 |
_aUnderemployment equilibria : _bessays in theory, econometrics, and policy / |
| 260 |
_aCambridge ; _aNew York : _bCambridge University Press, _c1991. |
||
| 300 |
_axxv, 568 p. : _bill. ; _c24 cm. |
||
| 650 | 0 | _aUnemployment | |
| 650 | 0 | _aEquilibrium (Economics) | |
| 650 | 0 | _aPrices | |
| 856 | 4 | 2 | _uhttp://www.loc.gov/catdir/description/cam024/90001848.html |
| 856 | 4 | 1 | _uhttp://www.loc.gov/catdir/toc/cam028/90001848.html |
| 942 | _cEK | ||
| 999 |
_c15210 _d15210 |
||